000 00752nam a2200241Ia 4500
003 OSt
005 20250703090713.0
008 210716s2014 xx 000 0 und d
020 _a9789351192022
040 _cAIMIT LIBRARY
041 _aeng
082 _a005.740285
_21
_bMCCD
100 _aMcCreary, Dan.
_9215747
245 _aMaking sense of nosql :
_bguide for managers and the rest of us /
_cBy Dan McCreary and Ann Kelly.
250 _a1st ed.
260 _aNew Delhi :
_bDreamtech Press ,
_c2014.
300 _axxv,286p.;
_bPB
_c24.5 cm.
650 _aDatabase patterns
_9215748
650 _aNo sql solutions
_9215749
650 _aAdvanced topics
_9215750
700 _aKelly, Ann.
_9215751
942 _2ddc
_cBK
_e1st ed.
_k005.740285 MCCD
999 _c194983
_d194983